Yirmi yıl krizi(1919-1939) (Record no. 10492)

MARC details
000 -BAŞLIK
Sabit Uzunlukta Kontrol Alanı 00823na a2200277 4500
001 - KONTROL NUMARASI
Denetim Alanı 23927
003 - KONTROL NUMARASI IDENTIFIER
Denetim Alanı MIRAKIL
005 - SON İŞLEM TARİHİ VE ZAMANI
Denetim Alanı 20181213155324.0
008 - SABİT-BOY VERİ ELEMANLARI - GENEL BİLGİLER
Sabit Uzunlukta Kontrol Alanı 180123b tu 000 0
020 ## - ULUSLARARASI STANDART KİTAP NUMARASI
Uluslararası Standart Kitap Numarası 9786053991618
040 ## - KATALOGLAMA KAYNAK
Orijinal Kataloglama Ajansı Milas
Kataloglama Dili tur
Metne Dönüştürmek Ajansı TR-AnCHP
041 ## - DİL KODU
Metin / Ses Parça Veya Ayrı Başlığın Dil Kodu tur
082 ## - DEWEY ONLU SINIFLANDIRMA NUMARASI
Sınıflandırma Numarası 320
Ürün Numarası C26y 2010
090 ## - SINIFLAMA NUMARASI
Sınıflama Numarası 320 C26y 2010
100 ## - ANA GİRİŞ - KİŞİSEL İSİM
Kişisel Ad Carr, Edward Hallett
245 ## - BAŞLIK TABLOSU
Başlık Yirmi yıl krizi(1919-1939)
Sorumluluk Tablosu, Vb Edward Hallett Carr ; çeviren Can Cemgil
260 ## - YAYIN, DAĞITIM, VB
Yayın, Dağıtım, Vb Yeri İstanbul
Yayıncı, Dağıtıcı, Vs Adı İstanbul Bilgi Üniversitesi
Yayın, Dağıtım, Vb Tarihi 2010
Üretici Firma sena ofset
300 ## - FİZİKSEL TANIM
Kapsam xxxiv, 302 s.
Boyutlar 23 sm.
440 ## - SERİSİ TABLOSU / KATMA GİRİŞİ - BAŞLIK
Başlık İstanbul Bilgi Üniversitesi Yayınları
Hacim / Ardışık Tanımı 311
490 ## - SERİSİ TABLOSU
Seri Beyanı Siyaset Bilimi
Hacim / Ardışık Tanımı 33
504 ## - KAYNAKÇA VB NOT
Kaynakça Vb Notu Dizin var.
650 ## - KONU KATMA GİRİŞ - TOPİKAL DÖNEM
Topikal Süreli Veya Coğrafi Ad Giriş Elemanı Uluslararası ilişkiler
650 ## - KONU KATMA GİRİŞ - TOPİKAL DÖNEM
Topikal Süreli Veya Coğrafi Ad Giriş Elemanı Dünya politikaları
700 ## - KATMA GİRİŞ - KİŞİSEL İSİM
Kişisel Ad Cemgil, Can
Relator Terim çev.
942 ## - EKLENDİ GİRİŞ ELEMANLARI (KOHA)
Sınıflandırma Veya Raf Düzeni Kaynak Dewey Decimal Classification
Koha Öğesi Türü Books
999 ## - SİSTEM KONTROL NUMARALARI (KOHA)
Koha Biblionumber 10492
Koha Biblioitemnumber 10492
Holdings
Kalıcı Konum Mevcut Konum Edinme Tarihi Edinim Kaynak Seri Numaralandırma / Kronolojik Toplam Check-Out'Lar Tam Çağrı Numarası Barkod Tarih Son Görülme İtibaren Geçerli Fiyatlar Koha Öğesi Türü
CHP Kütüphanesi CHP Kütüphanesi 01/23/2018 Bağış c.2   320 C26y 2010 017909 01/23/2018 01/23/2018 Books